Construction contract incentive schemes : lessons from experience. (Record no. 100180)
[ view plain ]
| 000 -LEADER | |
|---|---|
| fixed length control field | 00494cam a2200133 4500 |
| 001 - CONTROL NUMBER | |
| control field | J103859 |
| 008 - FIXED-LENGTH DATA ELEMENTS--GENERAL INFORMATION | |
| fixed length control field | 000000n2000 000 0 eng u |
| 035 ## - SYSTEM CONTROL NUMBER | |
| System control number | (Sirsi) u103859 |
| 110 ## - MAIN ENTRY--CORPORATE NAME | |
| Corporate name or jurisdiction name as entry element | Construction Industry Research and Information Association |
| 9 (RLIN) | 4810 |
| 245 ## - TITLE STATEMENT | |
| Title | Construction contract incentive schemes : lessons from experience. |
| 260 ## - PUBLICATION, DISTRIBUTION, ETC. | |
| Place of publication, distribution, etc. | London |
| Name of publisher, distributor, etc. | CIRIA |
| Date of publication, distribution, etc. | 2000 |
| 520 ## - SUMMARY, ETC. | |
| Summary, etc. | NOT YET PUBLISHED - Not due to be published before November 2000 (information from CIRIA 27/3/00) |
| 942 ## - ADDED ENTRY ELEMENTS (KOHA) | |
| Suppress in OPAC | 0 |
No items available.